Politische Maßnahmen Zur Verbesserung Von Standortqualitäten.

Bibliographic Details
Main Author: Klemmer, Paul.
Other Authors: Schubert, Klaus.
Format: eBook
Language:German
Published: Berlin : Duncker & Humblot, 1993.
Edition:1st ed.
Series:Schriften des Rheinisch-Westfälischen Instituts Für Wirtschaftsforschung Series
Subjects:
Online Access:Click to View
LEADER 06410nam a22004213i 4500
001 EBC7101073
003 MiAaPQ
005 20240729202203.0
006 m o d |
007 cr cnu||||||||
008 240729s1993 xx o ||||0 ger d
020 |a 9783428476626  |q (electronic bk.) 
020 |z 9783428076628 
035 |a (MiAaPQ)EBC7101073 
035 |a (Au-PeEL)EBL7101073 
035 |a (OCoLC)1347025202 
040 |a MiAaPQ  |b eng  |e rda  |e pn  |c MiAaPQ  |d MiAaPQ 
100 1 |a Klemmer, Paul. 
245 1 0 |a Politische Maßnahmen Zur Verbesserung Von Standortqualitäten. 
250 |a 1st ed. 
264 1 |a Berlin :  |b Duncker & Humblot,  |c 1993. 
264 4 |c {copy}1992. 
300 |a 1 online resource (159 pages) 
336 |a text  |b txt  |2 rdacontent 
337 |a computer  |b c  |2 rdamedia 
338 |a online resource  |b cr  |2 rdacarrier 
490 1 |a Schriften des Rheinisch-Westfälischen Instituts Für Wirtschaftsforschung Series 
505 0 |a Intro -- Vorwort der Ministerin für Wissenschaft und Forschung des Landes Nordrhein-Westfalen -- Vorwort der Herausgeber -- Inhaltsverzeichnis -- Verzeichnis der Tabellen -- Verzeichnis der Schaubilder -- Verzeichnis der Übersichten -- Klaus Schubert: Politische Maßnahmen zur Verbesserung von Standortqualitäten: Eine Problemskizze -- 1. Wirtschaftspolitische Steuerungskonjunkturen und die Standortdiskussion -- 2. Ebenen, Felder und Strategien standortbezogener Maßnahmen -- 2.1. Externe Entwicklungen -- 2.2. Interne Standortbedingungen -- 3. Ausblick -- Franz Lehner und Jürgen Nordhause-Janz: Vom Produktionsverbund zum Innovationsverbund: Strukturwandel und Standortqualitäten in Nordrhein-Westfalen -- 1. Strukturwandel: Von der Industrie- zur Dienstleistungsgesellschaft? -- 2. Standortqualität: Die räumliche Bewältigung von Strukturwandel -- 3. Industrielle Modernisierung: Der Einsatz computergestützter Produktionstechnologie in der nordrhein-westfälischen Industrie -- 4. Zukunftsperspektive: Neue Produktionskonzepte -- 5. Zukunftsperspektive: Neue zwischenbetriebliche Kooperationsformen -- Roland Döhrn: Der EG-Binnenmarkt und der Standort Nordrhein-Westfalen -- 1. Gesamtwirtschaftliche und regionale Konsequenzen des Binnenmarktes -- 2. Die Wirkungen des Binnenmarktes im allgemeinen -- 3. Wirkungen des Binnenmarktes auf Nordrhein-Westfalen -- 3.1. Die Bedingungen für die Bundesrepublik -- 3.2. Die Ausgangsbedingungen für Nordrhein-Westfalen -- 3.2.1. Regionale Ausrichtung des Handels -- 3.2.2. Sektoraler Besatz -- 3.3. Wettbewerbliche Aspekte der Branchenstruktur -- 3.4. Standortbedingungen -- 4. Die Chancen Nordrhein-Westfalens im EG-Binnenmarkt - eine Bewertung -- Rüdiger Hamm und Ullrich Heilemann: Folgen der deutschen Vereinigung für die nordrhein-westfälische Wirtschaft -- 1. Methodische Aspekte. 
505 8 |a 2. Konsequenzen im Handelsverkehr zwischen Nordrhein-Westfalen und den neuen Bundesländern -- 2.1. Die früheren Außenhandelsbeziehungen -- 2.2. Die Nachfrage der neuen Bundesländer -- 2.3 Jüngere Entwicklungen im Innerdeutschen Handel -- 3. Wirkungen auf die Standortsituation -- 4. Zusammenfassung -- Josef Hilbert und Wolfgang Potratz: Mit alten Industrien und neuen Produktionskonzepten zum modernen Standort? -- 1. Die Wirtschaft in Nordrhein-Westfalen - ihr sektorales Profil -- 2. Erklärungsversuche: zwischen Weltmarkt und hausgemachten Problemen -- 3. Das industrielle Profil Nordrhein-Westfalens und moderne Produktionskonzepte -- 4. Technik, Arbeitsorganisation und "alte" Industrien -- 5. Zwischenbetriebliche Kooperation - auch ein Erbe des Montankomplexes -- 6. Zusammenfassung und Schlußfolgerungen: Alte Strukturen müssen kein Nachteil sein -- Dietmar Petzina: Standortprobleme und Standortpotentiale im Ruhrgebiet -- 1. Historische Bilanz -- 2. Aktuelle Probleme -- 3. Wirtschaftspolitische Strategien -- 4. Perspektiven -- Michael Kleinaltenkamp: Marktorientierung und standortbezogene Anpassungsflexibilität am Beispiel des "Problemfalls" Ruhrgebiet -- 1. Notwendigkeit einer Abgrenzung der verschiedenen Betrachtungsebenen eines Strukturwandels -- 2. Ursachen für den "inadäquaten" Strukturwandel im Ruhrgebiet -- 3. Zieldiskussion: Strukturwandlungsfähigkeit statt Leitbilder für eine zukünftige Struktur des Ruhrgebiets -- Rolf G. Heinze und Helmut Voelzkow: Verbesserung von Standortqualitäten durch regionalisierte Strukturpolitik? Erfolge und Engpässe regionalisierter Strukturpolitik am Beispiel von Ostwestfalen-Lippe -- 1. Regionalisierung der Strukturpolitik in Nordrhein-Westfalen -- 1. Skizze der Region Ostwestfalen-Lippe -- 2. Chronologie der regionalisierten Strukturpolitik in Ostwestfalen-Lippe. 
505 8 |a 3. Einschätzung der Regionalisierungspolitik in Ostwestfalen-Lippe - Ergebnisse einer Befragung -- 3.1. Sachliche Qualität des regionalen Entwicklungskonzepts -- 3.2. Entscheidungsstruktur und -verfahren -- 3.3. Interkommunale Kooperation -- 3.4. Integration von Fachpolitiken -- 3.5. Gesellschaftliche Kooperation -- 3.6. Vertikale Kooperation -- 3.7. Integration von Fachpolitik auf Landesebene -- 3.8. Zusammenfassende Einschätzung der intraregionalen Prozesse -- 4. Eigene Bewertung und Schlußfolgerungen -- 4.1. Sachliche Qualität des regionalen Entwicklungskonzepts -- 4.2. Entscheidungsstrukturen und -verfahren -- 4.3. Interkommunale Kooperation -- 4.4. Integration von Fachpolitik auf regionaler Ebene -- 4.5. Gesellschaftliche Kooperation -- 4.6. Vertikale Kooperation -- 4.7. Integration von Fachpolitik auf Landesebene -- 4.8. Zusammenfassende Einschätzung der intraregionalen Prozesse -- Literaturverzeichnis -- Verzeichnis der Autoren. 
588 |a Description based on publisher supplied metadata and other sources. 
590 |a Electronic reproduction. Ann Arbor, Michigan : ProQuest Ebook Central, 2024. Available via World Wide Web. Access may be limited to ProQuest Ebook Central affiliated libraries.  
655 4 |a Electronic books. 
700 1 |a Schubert, Klaus. 
776 0 8 |i Print version:  |a Klemmer, Paul  |t Politische Maßnahmen Zur Verbesserung Von Standortqualitäten  |d Berlin : Duncker & Humblot,c1993  |z 9783428076628 
797 2 |a ProQuest (Firm) 
830 0 |a Schriften des Rheinisch-Westfälischen Instituts Für Wirtschaftsforschung Series 
856 4 0 |u https://ebookcentral.proquest.com/lib/matrademy/detail.action?docID=7101073  |z Click to View